Supreme but not infallible: essays in honour of the Supreme Court of India (Record no. 394651)

000 -LEADER
fixed length control field 00510cam a22001577a 4500
008 - FIXED-LENGTH DATA ELEMENTS--GENERAL INFORMATION
fixed length control field 180718b2000 xxu||||| |||| 00| 0 eng d
020 ## - INTERNATIONAL STANDARD BOOK NUMBER
International Standard Book Number 0195653793
082 ## - DEWEY DECIMAL CLASSIFICATION NUMBER
Classification number H211x54 K63(W.Off)
245 ## - TITLE STATEMENT
Title Supreme but not infallible: essays in honour of the Supreme Court of India
Statement of responsibility, etc. edited by B.N. Kirpal et.al.
260 ## - PUBLICATION, DISTRIBUTION, ETC.
Place of publication, distribution, etc. New Delhi
Name of publisher, distributor, etc. Oxford Univ. Press
Date of publication, distribution, etc. 2000
300 ## - PHYSICAL DESCRIPTION
Extent 481p.
650 ## - SUBJECT ADDED ENTRY--TOPICAL TERM
Topical term or geographic name entry element Constitutional courts - India
650 ## - SUBJECT ADDED ENTRY--TOPICAL TERM
Topical term or geographic name entry element Supreme courts - India
650 ## - SUBJECT ADDED ENTRY--TOPICAL TERM
Topical term or geographic name entry element (Written off)
700 ## - ADDED ENTRY--PERSONAL NAME
Personal name Kirpal, B.N.
Holdings
Withdrawn status Lost status Damaged status Not for loan Permanent Location Current Location Date acquired Full call number Barcode Date last seen Price effective from Koha item type
        Indian Institute of Public Administration Indian Institute of Public Administration 2000-10-31 H211x54 K63(W.Off) 76017 2018-07-21 2018-07-21 Book

Powered by Koha